000 00324nam a2200145Ia 4500
999 _c23716
_d23716
003 OSt
005 20210210101411.0
008 190216s9999||||xx |||||||||||||| ||und||
040 _coclc
100 _aSreedharan Cp
245 0 _aKadum Manushyanum
260 _bCurrent Books
650 _aEssay Malayalam
942 _cBK
_2ddc